TH-SOF-1783-State Observer Based Nonlinear Control of Cuk Converter Converter (Record no. 579019)

000 -LEADER
fixed length control field 00380nam a22001217a 4500
082 ## - DEWEY DECIMAL CLASSIFICATION NUMBER
Classification number 200 THE
100 ## - MAIN ENTRY--PERSONAL NAME
Personal name Muhmmad Salman Bashir
9 (RLIN) 73194
245 ## - TITLE STATEMENT
Title TH-SOF-1783-State Observer Based Nonlinear Control of Cuk Converter Converter
260 ## - PUBLICATION, DISTRIBUTION, ETC.
Place of publication, distribution, etc. ISLAMABAD
Name of publisher, distributor, etc. NUST COLLEGE OF EME
Date of publication, distribution, etc. 2020
650 ## - SUBJECT ADDED ENTRY--TOPICAL TERM
Topical term or geographic name entry element MS-ELECT-16
700 ## - ADDED ENTRY--PERSONAL NAME
Personal name Supervisor Dr. Muhmmad Zeeshan
9 (RLIN) 73195
942 ## - ADDED ENTRY ELEMENTS (KOHA)
Koha item type Reference
Source of classification or shelving scheme
Holdings
Withdrawn status Lost status Source of classification or shelving scheme Damaged status Not for loan Permanent Location Current Location Shelving location Date acquired Full call number Barcode Date last seen Price effective from Koha item type
          College of Electrical & Mechanical Engineering (CEME) College of Electrical & Mechanical Engineering (CEME) Reference 03/12/2021 200 THE TH-SOF-1783 06/28/2021 06/28/2021 Reference
© 2023 Central Library, National University of Sciences and Technology. All Rights Reserved.